000
00222 a2200097 4500
001
55701
100
_a
245
_a
Higher electrical engineering
260
_a
England
_b
Longman Ltd
_c
1995
090
_c
34587
_d
34587
942
_a
NUST-CAE
_c
MONOGRAPH
_c
27321
999
_c
290774
_d
290774